Managerial accounting : (Record no. 7095)

MARC details
000 -LEADER
fixed length control field 00692nam a22001937a 4500
003 - CONTROL NUMBER IDENTIFIER
control field OSt
005 - DATE AND TIME OF LATEST TRANSACTION
control field 20251215084548.0
008 - FIXED-LENGTH DATA ELEMENTS--GENERAL INFORMATION
fixed length control field 251215b |||||||| |||| 00| 0 eng d
020 ## - INTERNATIONAL STANDARD BOOK NUMBER
International Standard Book Number 0-07-116472-3.
040 ## - CATALOGING SOURCE
Original cataloging agency DWCL-Main lib
Transcribing agency OC
082 ## - DEWEY DECIMAL CLASSIFICATION NUMBER
Edition number 4th ed., Instructor's ed.
Classification number Circ. 658.1511 H656m 1999
100 ## - MAIN ENTRY--PERSONAL NAME
Personal name Ronald W. Hilton
245 ## - TITLE STATEMENT
Title Managerial accounting :
Remainder of title instructor's edition 4th ed.
Statement of responsibility, etc. Ronald W. Hilton
260 ## - PUBLICATION, DISTRIBUTION, ETC.
Place of publication, distribution, etc. Singapore :
Name of publisher, distributor, etc. McGraw-Hill Book Co.,
Date of publication, distribution, etc. c1999.
300 ## - PHYSICAL DESCRIPTION
Extent xxxii, 816 pages :
Other physical details colored illustration ;
Dimensions 27 cm. + 1 CD-ROM.
504 ## - BIBLIOGRAPHY, ETC. NOTE
Bibliography, etc. note Includes indexes.
650 ## - SUBJECT ADDED ENTRY--TOPICAL TERM
Source of heading or term 1. Managerial accounting.
942 ## - ADDED ENTRY ELEMENTS (KOHA)
Source of classification or shelving scheme Dewey Decimal Classification
Koha item type Book Circulation
Edition 4th edition., Instructor's ed.
Call number prefix Circ.
Suppress in OPAC No
952 ## - LOCATION AND ITEM INFORMATION (KOHA)
--
Holdings
Withdrawn status Lost status Source of classification or shelving scheme Damaged status Not for loan Home library Current library Shelving location Date acquired Source of acquisition Total Checkouts Full call number Barcode Date last seen Copy number Price effective from Koha item type Uniform Resource Identifier
    Dewey Decimal Classification     College Library College Library Circulation 12/18/2007 School Fund   Circ. 658.1511 H656m 1999 45535 12/15/2025 c1 12/15/2025 BK-CIRC